[Event "HCL-A2476"]
[Site "www.playchess.de"]
[Date "2006.01.07"]
[Round "2"]
[White "nafets_bln"]
[Black "Reinbo"]
[WhiteElo "1370"]
[BlackElo "1700"]
[PlyCount "58"]
[Result "0-1"]

1.e4 {hello. who are you?}  c5 {I am Reinier 
Bodemeijer from the Netherlands (Volendam). And 
you?}  2.Nc3 {I'm stefan martens from berlin.you 
just starting playing at playchess i saw}  Nc6 
{Yes, Not yet familiar with the rules. I'am a 
club-player.}  3.Nf3 {i'm a hobby player. in club 
i play handball}  e6 {Seems a lot of time we get 
for playing a game, isn't it?}  4.Bc4 {yes, but 
sometimes i need that time because i'd to do other 
things and time is running}  a6 {You're right. 
This move took me almost 2 days. And we are just 
getting started.}  5.d4 {yes. but if i got i right 
we get for ervery move two more days.}  cxd4 {So a 
game of 40 moves can take about 3 months.}  6.Nxd4 
{i think so. if i remember right i had a game that 
lasts two months}  Bb4 7.Bd2 Nxd4 8.Na4 Bxd2+ 
9.Qxd2 Nc6 10.Rd1 b5 11.Bb3 bxa4 12.Bxa4 Nge7 
13.Qg5 O-O {Did you go on holiday or something?}  
14.Rd3 {no, sorry! but i've a lot to do.}  Bb7 
{OK, take your time. No problem.}  15.Rd6 Qa5+ 
16.Qxa5 Nxa5 17.Rxd7 Bc6 18.Bxc6 Naxc6 19.O-O Rfd8 
20.Rb7 Rab8 21.Rb3 Rxb3 22.axb3 Rd2 23.Rc1 Nb4 
24.Kf1 Rxc2 25.Rd1 g6 26.g3 Rxb2 27.h4 Rxb3 28.Rd7 
Nec6 29.Rb7 a5 0-1

[Event "HCL-A2525"]
[Site "www.playchess.de"]
[Date "2006.01.07"]
[Round "1"]
[White "brasileiro2005"]
[Black "agmac"]
[WhiteElo "1700"]
[BlackElo "1621"]
[PlyCount "48"]
[Result "0-1"]

1.d4 Nf6 2.c4 e6 3.Nc3 Bb4 4.Qc2 O-O 5.e4 d6 6.Bd3 
c5 7.d5 exd5 8.exd5 Re8+ 9.Nge2 Bxc3+ 10.Qxc3 b5 
11.b3 bxc4 12.bxc4 Ne4 13.Qc2 Qa5+ 14.Bd2 Qxd2+ 
15.Qxd2 Nxd2 16.Kxd2 Nd7 17.f4 Rb8 18.Rab1 Nb6 
19.Nc3 Ba6 20.Nb5 Bxb5 21.Rxb5 h5 22.Rhb1 Rba8 
23.Bc2 Nxc4+ 24.Kc3 Na3 0-1

[Event "HCL-E1505"]
[Site "www.playchess.de"]
[Date "2006.01.07"]
[Round "10"]
[White "Niedermayr"]
[Black "Roberto_Sammi"]
[WhiteElo "2000"]
[BlackElo "2000"]
[PlyCount "74"]
[Result "0-1"]

1.Nf3 d5 2.b3 Nf6 3.Bb2 e6 4.e3 c5 5.c4 Nc6 6.cxd5 
exd5 7.Bb5 a6 8.Bxc6+ bxc6 9.h3 Bd6 10.O-O O-O 
11.Nc3 Bf5 12.d3 Re8 13.Na4 Nd7 14.Qd2 Bg6 15.Rac1 
Bh5 16.g4 Bg6 17.Qc3 Bf8 18.Kg2 f5 19.Rfh1 Qe7 
20.Ba3 fxg4 21.hxg4 Qe6 22.Rh4 d4 23.Qc4 dxe3 
24.fxe3 Qxc4 25.dxc4 Rxe3 26.Re1 Rxe1 27.Nxe1 Re8 
28.Kf2 Nf6 29.Nc3 h6 30.Bc1 Be7 31.g5 Nh7 32.Nf3 
hxg5 33.Rh1 Bf6 34.Na4 g4 35.Nd2 Bd4+ 36.Kg3 Nf6 
{The "MATE" is open}  37.Rf1 Re2 0-1

[Event "HCL-E1489"]
[Site "www.playchess.de"]
[Date "2006.01.07"]
[Round "14"]
[White "meteoro"]
[Black "carlosmadeira"]
[WhiteElo "1511"]
[BlackElo "1558"]
[PlyCount "62"]
[Result "0-1"]

1.c4 {bom dia}  d6 {Boa sorte meu amigo(a)}  2.Nc3 
{Y para ti tambien, no hablo portugues pero hablo 
espaniol}  e5 {Ok!Voce é Ingles mesmo?}  3.e4 {Si, 
soy ingles pero me crie en Argentina de los 4 
anios hasta los 16. Me entiendes? Y vos de que 
parte del Brasil vienes?}  Nf6 {Sim entendo 
perfeitamnte o que voce me diz(hablas).Eu moro no 
Rio de Janeiro.I am in Rio}  4.Nf3 {Eu moro no 
Buenos Aires pero vivo ahora en Londres.}  Nc6 {Aí 
é muito frio!Aqui sol e praia,com muito calor}  
5.d3 {si demasiado frio. que paso con el 
calentamiento global!}  Be7 {Não sei,mas os 
furacões são cada vez menos raros e cada vez mais 
violentos}  6.Be2 O-O 7.O-O {aqui no hay muchas 
tormentas. solo llovizna}  Nd7 {sim é verdade!}  
8.Nd5 Nd4 9.Nxd4 exd4 10.Nxe7+ Qxe7 11.b4 c5 12.a3 
Ne5 13.f4 Nc6 14.Bb2 b6 15.b5 Nd8 16.f5 f6 17.Bh5 
Nf7 18.Bc1 Ne5 19.Bf4 Bd7 20.g4 Be8 21.Kh1 g6 
22.Bh6 gxh5 23.Bxf8 Qxf8 24.gxh5 Qh6 25.Rg1+ Kh8 
26.Ra2 Bxh5 27.Qf1 Bf3+ 28.Rgg2 Rg8 29.Raf2 Rxg2 
30.Rxg2 Bxg2+ 31.Kxg2 Qd2+ 0-1

[Event "HCL-A2486"]
[Site "www.playchess.de"]
[Date "2006.01.07"]
[Round "6"]
[White "SWGeneral"]
[Black "mbueno"]
[WhiteElo "1313"]
[BlackElo "1468"]
[PlyCount "90"]
[Result "0-1"]

1.e4 {Hi! Good luck!}  d5 {Greeting from Brasil. 
Good luck in the game and the tournament!}  2.exd5 
Qxd5 3.Nc3 Qa5 4.Nf3 Nf6 5.Bc4 Bf5 6.d3 c6 7.Bf4 
e6 8.O-O Nbd7 9.Qe2 Be7 10.Rfe1 O-O 11.Ne5 Nb6 
12.Bb3 Nbd5 13.Bd2 Qc7 14.Nf3 Bd6 15.Nxd5 Nxd5 
16.Bxd5 exd5 17.Bc3 c5 18.Be5 Bxe5 19.Qxe5 Qxe5 
20.Rxe5 Be6 21.Ng5 Rae8 22.Rae1 Bd7 23.R5xe8 Rxe8 
24.Rxe8+ Bxe8 25.Kf1 f6 26.Ne6 b6 27.Ke2 Kf7 
28.Nf4 Bc6 29.g3 g5 30.Ng2 d4 31.Ne1 g4 32.a3 b5 
33.b4 c4 34.dxc4 bxc4 35.f3 h5 36.f4 Ke6 37.Kf2 
Kf5 38.Ke2 h4 39.Kf2 h3 40.Ke2 Ke4 41.Kd2 f5 
42.Ke2 Ba4 43.Kd2 c3+ 44.Ke2 a6 45.Kf2 
Bxc2 0-1

[Event "HCL-B3719"]
[Site "www.playchess.de"]
[Date "2006.01.07"]
[Round "5"]
[White "ama49"]
[Black "Wurstowski"]
[WhiteElo "1199"]
[BlackElo "925"]
[PlyCount "126"]
[Result "1/2-1/2"]

1.e4 {Greetings from Scotland}  c5 {greetings back 
to scotland from jamaica}  2.Nf3 Nc6 3.d4 cxd4 
4.Nxd4 g6 5.Nc3 Bg7 6.Be3 Nf6 7.Be2 d5 8.exd5 Nxd5 
9.Nxd5 Qxd5 10.c3 O-O 11.O-O a6 12.Nxc6 Qxc6 
13.Bf3 Qb5 14.Rb1 Bf5 15.Be2 Qa5 16.Ra1 Rfd8 
17.Qc1 Rd7 18.Bd2 Rad8 19.Rd1 Qe5 20.Be3 Qc7 
21.Rxd7 Rxd7 22.Qe1 Be5 23.Rd1 Rxd1 24.Qxd1 Bxh2+ 
25.Kf1 Bd6 26.Bd3 Qd7 27.Bxf5 Qxf5 28.a3 Qb5+ 
29.Qe2 Qe5 30.g3 Qf5 31.f4 Qh3+ 32.Qg2 Qxg2+ 
33.Kxg2 e5 34.fxe5 Bxe5 35.Kf3 f5 36.g4 Kf7 
37.gxf5 gxf5 38.Bd2 Kg6 39.b4 h5 40.c4 h4 41.Bc1 
Kh5 42.Kg2 Kg4 43.a4 h3+ 44.Kh1 f4 45.b5 f3 46.Be3 
Kg3 47.c5 axb5 48.axb5 f2 49.Bxf2+ Kxf2 50.c6 bxc6 
51.bxc6 Kg3 52.Kg1 Bc7 53.Kh1 Kh4 54.Kg1 h2+ 
55.Kh1 Kg4 56.Kg2 Kf5 57.Kh1 Ke4 58.Kg2 Kd5 59.Kh1 
Kxc6 60.Kg2 Kc5 61.Kh1 Kd4 62.Kg2 Ke3 63.Kh1 
Kf2 1/2-1/2

[Event "HCL-M874"]
[Site "www.playchess.de"]
[Date "2006.01.07"]
[Round "9"]
[White "Losloper"]
[Black "kikoursus"]
[WhiteElo "2381"]
[BlackElo "2120"]
[PlyCount "47"]
[Result "1-0"]

1.e4 e6 2.d4 d5 3.Nd2 dxe4 4.Nxe4 Nd7 5.Bd3 Ngf6 
6.Nf3 Nxe4 7.Bxe4 Nf6 8.Bg5 Be7 9.Bd3 O-O 10.c3 b6 
11.Qc2 h6 12.h4 Bb7 13.Bxf6 Bxf6 14.Bh7+ Kh8 
15.Be4 Bd5 16.O-O-O b5 17.g4 Qd6 18.Bxd5 Qxd5 
19.Qd3 Qxa2 20.g5 Be7 21.gxh6 gxh6 22.Qe3 Kh7 
23.Rdg1 Rfg8 24.Ng5+ 1-0

[Event "HCL-A2527"]
[Site "www.playchess.de"]
[Date "2006.01.07"]
[Round "33"]
[White "seisan"]
[Black "taroak"]
[WhiteElo "1491"]
[BlackElo "1458"]
[PlyCount "29"]
[Result "1-0"]

1.e4 c5 2.c3 g6 3.d4 cxd4 4.cxd4 d5 5.e5 Nc6 6.Nc3 
Bg7 7.Bb5 a6 8.Bxc6+ bxc6 9.Bf4 f6 10.Nf3 Bg4 
11.O-O Nh6 12.Bxh6 O-O 13.Bxg7 Kxg7 14.Qd3 Bxf3 
15.Qxf3 1-0

[Event "HCL-E1539"]
[Site "www.playchess.de"]
[Date "2006.01.07"]
[Round "20"]
[White "yannick"]
[Black "Matu"]
[WhiteElo "1604"]
[BlackElo "1506"]
[PlyCount "74"]
[Result "1/2-1/2"]

1.e4 {hi again happy new year}  d5 {hi again and 
good luck}  2.exd5 Qxd5 3.Nc3 Qa5 4.Bb5+ c6 5.Bd3 
Nf6 6.Nf3 Bg4 7.O-O e6 8.Re1 Be7 9.Ne4 Nbd7 10.h3 
Bxf3 11.Qxf3 Nxe4 12.Qxe4 Nf6 13.Qe5 Qxe5 14.Rxe5 
O-O 15.c3 Nd7 16.Re1 Nc5 17.Bc2 Rad8 18.d4 Nd7 
19.Bf4 Nb6 20.Bc7 Rd7 21.Bxb6 axb6 22.Rad1 Rfd8 
23.g3 Bf6 24.Kg2 e5 25.dxe5 R7xd1 26.Bxd1 Re8 
27.f4 Bd8 28.Kf3 Bc7 29.Kg4 Rd8 30.a4 Rd2 31.b4 
Rd3 32.c4 Rc3 33.Re4 Kf8 34.h4 Rd3 35.Bc2 Rc3 
36.Bd1 Rd3 37.Bc2 {what do you think about a draw 
?}  Rc3 {(offering draw) for me a draw would be 
ok}  1/2-1/2

[Event "HCL-B3741"]
[Site "www.playchess.de"]
[Date "2006.01.07"]
[Round "2"]
[White "ulibear"]
[Black "munther"]
[WhiteElo "1267"]
[BlackElo "1500"]
[PlyCount "82"]
[Result "0-1"]

1.d4 {good luck!}  Nf6 2.c4 e6 3.Nf3 Bb4+ 4.Bd2 
Bxd2+ 5.Nbxd2 d5 6.cxd5 exd5 7.e3 O-O 8.Bd3 Re8 
9.O-O Nbd7 10.Qc2 c6 11.Bf5 Nf8 12.Bxc8 Rxc8 
13.Ne5 Ng6 14.Ndf3 Nxe5 15.dxe5 Nd7 16.Rad1 Nxe5 
17.Nxe5 Rxe5 18.Rd4 Rc7 19.Ra4 b6 20.Rd4 c5 21.Rd2 
Rce7 22.Rfd1 d4 23.Kf1 Qe8 24.b3 dxe3 25.fxe3 
R5xe3 26.R2d8 R3e1+ 27.Rxe1 Rxe1+ 28.Kf2 Qxd8 
29.Kxe1 Qd4 30.Qe2 g5 31.g3 g4 32.Kf1 Kg7 33.Kg2 
Kg6 34.h3 Qd5+ 35.Kh2 gxh3 36.Qg4+ Qg5 37.Kxh3 
Qxg4+ 38.Kxg4 b5 39.Kf4 f5 40.a3 c4 41.bxc4 
bxc4 0-1

[Event "HCL-C3952"]
[Site "www.playchess.de"]
[Date "2006.01.07"]
[Round "19"]
[White "JRockne"]
[Black "foxcar"]
[WhiteElo "1054"]
[BlackElo "1096"]
[PlyCount "95"]
[Result "1-0"]

1.e4 e5 {hi again, good luck}  2.Nf3 Nc6 3.Nc3 Bc5 
4.Bc4 Nh6 5.h3 d6 6.d3 a6 7.Ng5 Qf6 8.Qf3 Qxf3 
9.Nxf3 Bd7 10.Ng5 Nd4 11.Bb3 f6 12.Nf3 a5 13.a3 
Nxb3 14.cxb3 Bb5 15.Nd5 Kd7 16.O-O c6 17.Nc3 Bxd3 
18.Rd1 Bb5 19.Be3 Bxe3 20.fxe3 Ke6 21.Nxb5 cxb5 
22.Rd2 Rad8 23.Rd5 Rdc8 24.Rxb5 Rc2 25.Rxb7 g5 
26.Ne1 Rxb2 27.Nd3 Ng8 28.Nxb2 Ne7 {silly move 
wasnt it!}  29.Ra7 Nc6 30.Ra6 Kd7 31.Nc4 Rb8 
32.Rb1 Rb5 33.a4 Rc5 34.Rd1 d5 35.Rxd5+ Rxd5 
36.exd5 Nb4 37.Rxa5 Nd3 38.Ra7+ Kd8 39.Rxh7 Nc5 
40.Rf7 Ne4 41.a5 Nc5 42.b4 Na6 43.b5 Nb4 44.d6 Nd5 
45.Rf8+ Kd7 46.Nb6+ Ke6 47.d7 Nxb6 
48.d8Q 1-0

[Event "HCL-A2503"]
[Site "www.playchess.de"]
[Date "2006.01.07"]
[Round "21"]
[White "Jule"]
[Black "Marius_sah"]
[WhiteElo "1416"]
[BlackElo "1406"]
[PlyCount "88"]
[Result "0-1"]

1.c4 e5 {Hi. Good luck!}  2.Nc3 {Thanks. you too}  
Nf6 3.e4 Bb4 4.Qc2 Nc6 5.Nf3 O-O 6.h3 Re8 7.Be2 d6 
8.O-O h6 9.a3 Bxc3 10.bxc3 Be6 11.d4 exd4 12.cxd4 
Bd7 13.Bb2 Nxe4 14.Rfe1 Nf6 15.Bd3 d5 16.cxd5 Nxd5 
17.Rxe8+ Qxe8 18.Re1 Qf8 19.Bc4 Nb6 20.Ba2 Re8 
21.Bb3 Rxe1+ 22.Nxe1 Qe7 23.Qc3 Nd8 24.d5 Qg5 
25.Nf3 Qg6 26.Bc2 Nxd5 27.Qd4 Qf6 28.Qxd5 Qxb2 
29.Qxd7 Qxc2 30.Qxd8+ Kh7 31.Qd5 Qc1+ 32.Kh2 Qxa3 
33.Qxf7 Qd6+ 34.g3 Qc5 35.Nh4 a5 36.Qf5+ Qxf5 
37.Nxf5 b5 38.Nd4 b4 39.Nb3 a4 40.Nc5 a3 41.Nb3 a2 
42.Kg2 c5 43.Kf1 c4 44.Na1 b3 0-1

[Event "HCL-B3782"]
[Site "www.playchess.de"]
[Date "2006.01.07"]
[Round "17"]
[White "sripradeep"]
[Black "Herbert_Pjede"]
[WhiteElo "1549"]
[BlackElo "1379"]
[PlyCount "22"]
[Result "0-1"]

1.c4 e5 2.Nf3 e4 3.Nd4 d5 4.e3 c5 5.Nb5 dxc4 
6.Bxc4 Nc6 7.a3 Nf6 8.b3 a6 9.N5c3 Na5 10.Qc2 b5 
11.Be2 Be6 0-1

[Event "HCL-A2411"]
[Site "www.playchess.de"]
[Date "2006.01.07"]
[Round "2"]
[White "kendo"]
[Black "Rochemback"]
[WhiteElo "1547"]
[BlackElo "1485"]
[PlyCount "115"]
[Result "1-0"]

1.f4 {hi guy!}  d6 {hi}  2.Nf3 Nc6 3.Nc3 Nf6 4.b3 
Bg4 5.Bb2 a6 6.h3 Bxf3 7.exf3 Qd7 8.Bd3 e6 9.Qe2 
O-O-O 10.O-O-O d5 11.g4 Bd6 12.f5 Nd4 13.Qe3 Bc5 
14.Qg5 Rhg8 15.fxe6 fxe6 16.Rdf1 Qd6 17.Kb1 e5 
18.Ne2 h6 19.Qh4 Nxe2 20.Bxe2 d4 21.Bd3 Kb8 
22.Rfe1 Qc6 23.Qg3 Bd6 24.Be4 Nxe4 25.Rxe4 Rgf8 
26.h4 Rde8 27.g5 h5 28.d3 g6 29.Rhe1 Kc8 30.R1e2 
Kd8 31.Qe1 Rxf3 32.Bxd4 Rf5 33.Bxe5 Bxe5 34.R4xe5 
Rfxe5 35.Rxe5 Rxe5 36.Qxe5 Qh1+ 37.Kb2 Qf3 38.Qh8+ 
Ke7 39.Qg7+ Qf7 {(offering draw)}  40.Qe5+ Kd8 
41.a4 Qe7 42.Qd5+ Qd6 43.Qxb7 Qd4+ 44.Kb1 Qxh4 
45.Qd5+ Ke7 46.Qe5+ Kd8 47.Qf6+ Kd7 48.Qxg6 Qe1+ 
49.Kb2 Qe5+ 50.Ka2 Qh2 51.Qf5+ Kd8 52.Kb2 h4 53.g6 
Qg2 54.Qf8+ {happy new year!}  Kd7 {happy new 
year, kendo!}  55.g7 h3 56.g8Q Qxg8 57.Qxg8 h2 
58.Qh7+ 1-0

[Event "HCL-C4046"]
[Site "www.playchess.de"]
[Date "2006.01.07"]
[Round "10"]
[White "cheloveck"]
[Black "epenz"]
[WhiteElo "800"]
[BlackElo "937"]
[PlyCount "61"]
[Result "1-0"]

1.e4 e5 2.d4 f6 3.dxe5 fxe5 4.Qh5+ g6 5.Qxe5+ Qe7 
6.Qxh8 Qg7 7.Qxg7 Bxg7 8.Nc3 Bxc3+ 9.bxc3 Ne7 
10.Ba3 d6 11.h3 b6 12.Nf3 Bb7 13.Bd3 Nd7 14.O-O 
O-O-O 15.Bb5 Bxe4 16.Rfe1 Nf6 17.Ng5 Bxc2 18.Rxe7 
Bf5 19.Nxh7 Nxh7 20.Rxh7 Kb7 21.g4 Be4 22.Re1 Bd5 
23.Ree7 a6 24.Rexc7+ Kb8 25.Bxa6 g5 26.Rca7 Bc6 
27.Bc1 Rg8 28.Rhg7 Rxg7 29.Rxg7 d5 30.Bxg5 b5 
{nice match...I will resign in the next 
move...good luck!!!}  31.Be3 1-0

[Event "HCL-C3992"]
[Site "www.playchess.de"]
[Date "2006.01.07"]
[Round "4"]
[White "Satellite"]
[Black "IRONMAIDEN"]
[WhiteElo "1120"]
[BlackElo "1486"]
[PlyCount "96"]
[Result "0-1"]

1.e4 {Greetings Ironmaiden!  I look forward to our 
game.}  e5 {hi, always liked UK - good luck to 
you!}  2.Nf3 {Sorry my Deutsch is nicht so gut}  
Nc6 {don`t you worry, the language everybody 
speaks is english...}  3.Bb5 Qf6 4.Nc3 Bc5 5.O-O 
Nge7 6.d3 a6 7.Bg5 Qd6 8.Bxe7 Qxe7 9.Nd5 Qd6 
10.Bc4 Nb4 11.Nxb4 Bxb4 12.a3 Bc5 13.b4 Bd4 14.Rb1 
b5 15.Bb3 O-O 16.Qd2 Bb7 17.c4 Qe7 18.c5 d6 
19.cxd6 cxd6 20.Nxd4 exd4 21.f3 Kh8 22.Bd5 Bxd5 
23.exd5 Qe3+ 24.Rf2 Rfe8 25.Kf1 Rac8 26.g3 Rc3 
27.Re1 Qxe1+ 28.Qxe1 Rxe1+ 29.Kxe1 Rxd3 30.f4 Rxa3 
31.Rc2 Rc3 32.Rd2 Rc4 33.Re2 g6 34.Re7 Rxb4 
35.Rxf7 a5 {it`s working again}  36.Ra7 {What is 
working again?}  a4 {oh, there was an error with 
the system. I couldn`t make my move for a while.}  
37.Kd2 {All good wishes for 2006 IRONMAIDEN!}  Rc4 
{same to you, you`re an hour earlier, I suppose, 
may you find everything you were looking for!}  
38.Ra8+ {IF ONLY!!!!!!!!!!!!!!!!!!!!!!!!!!!}  Kg7 
39.Kd3 h6 40.Ra7+ Kf8 41.Ra5 {Do you work 
Ironmaiden?}  Rb4 {what do you mean, do I work? Of 
course I work! I´m self-employed with my own 
business. And yourself?}  42.Ra6 {Because I am 
retired I think everybody else is!!}  Ke7 {hihi - 
if you live in Germany, you can`t retire - you 
would starve...}  43.Ra7+ {Do you work until you 
fall down dead then?}  Kd8 {yeah, but work is not 
bad and I can`t imagine to retire and to stop 
doing the things I`m doing}  44.Ke4 {Do you not 
have a government pension scheme?}  Rc4 {you 
didn`t get me. I like to work, that`s all}  
45.Ra8+ Kc7 46.Kd3 {Good for you.  I hope your 
health holds out}  Kb6 {sure it does. you play 
quite well, but maybe I`ll get my pawn through}  
47.Ke4 {Yes, I am sure you will.  I am not hopeful 
of much success for myself!}  Kc5 {you`ll get 
another chance, of course!}  48.Rc8+ 
Kb4 0-1

[Event "HCL-C3992"]
[Site "www.playchess.de"]
[Date "2006.01.07"]
[Round "7"]
[White "lontjr"]
[Black "Satellite"]
[WhiteElo "1081"]
[BlackElo "1120"]
[PlyCount "67"]
[Result "1-0"]

1.e4 {Hey there, let's have a good game!}  c5 
{I'll do my best Lon!  Good luck!}  2.Nf3 e6 3.d4 
Nc6 4.d5 exd5 5.exd5 Nd4 6.Nxd4 cxd4 7.Qxd4 Qe7+ 
8.Be3 Qb4+ 9.Qxb4 Bxb4+ 10.Nc3 Bxc3+ 11.bxc3 Nf6 
12.O-O-O Ne4 13.Kb2 O-O 14.Rd4 Nd6 15.Rh4 Nf5 
16.Re4 Nd6 17.Rf4 b5 18.Bc5 Re8 19.Bxd6 a6 20.Bd3 
Bb7 21.Rd1 Bxd5 22.Bxh7+ Kxh7 23.Rxd5 f6 24.Rh4+ 
Kg8 25.Rdh5 Kf7 26.f4 Ke6 27.Bb4 a5 28.Bc5 {This 
is good.  My Bishop will end up losing weight with 
all this running around.}  Rac8 {He sure is going 
to be a tad thinner!!
Just make sure his mitre doesn't fall off!!!}  
29.Bb6 a4 30.Rc5 Rxc5 31.Bxc5 d6 32.Bf2 d5 33.Rg4 
Kd6 34.Rxg7 1-0

[Event "HCL-C4040"]
[Site "www.playchess.de"]
[Date "2006.01.07"]
[Round "4"]
[White "VITAL"]
[Black "IRONMAIDEN"]
[WhiteElo "1272"]
[BlackElo "1461"]
[PlyCount "96"]
[Result "0-1"]

1.e4 e5 2.Bc4 Nc6 3.a3 Bc5 4.Qf3 Nf6 5.d3 Nd4 
6.Qd1 d6 7.h3 O-O 8.Nf3 a6 9.Nxd4 exd4 10.Qf3 c6 
11.O-O Kh8 12.Bg5 Qe7 13.Bxf6 Qxf6 14.Qxf6 gxf6 
15.Nd2 Be6 16.f4 f5 17.Rae1 b5 18.Bxe6 fxe6 
19.exf5 exf5 20.Nf3 Rae8 21.Ng5 Re3 22.Kh2 Rfe8 
23.Red1 d5 24.b4 Bf8 25.Rfg1 Kg8 26.Rdf1 R3e2 
27.Rf3 h6 28.Rg3 hxg5 29.Rxg5+ Bg7 30.Rxf5 Rxc2 
31.h4 Rd2 32.h5 Re6 33.Kh1 Rxd3 34.Rg5 Rxa3 35.f5 
Rf6 36.Re1 Re3 37.Ra1 d3 38.Rxa6 d2 39.Ra7 Rf7 
40.Ra8+ Kh7 41.Kh2 d1Q 42.h6 Bxh6 43.Rgg8 Qh5+ 
44.Kg1 Re1+ 45.Kf2 Qe2+ 46.Kg3 Qe3+ 47.Kg4 Qf4+ 
48.Kh5 Rh1+ 0-1

[Event "HCL-E1541"]
[Site "www.playchess.de"]
[Date "2006.01.07"]
[Round "14"]
[White "yannick"]
[Black "hakam_kilani"]
[WhiteElo "1613"]
[BlackElo "1738"]
[PlyCount "104"]
[Result "1/2-1/2"]

1.e4 d5 2.exd5 Qxd5 3.Nc3 Qa5 4.Bb5+ c6 5.Bd3 Nf6 
6.Nf3 Bg4 7.O-O Nbd7 8.Re1 e6 9.a3 Bd6 10.Ne4 Nxe4 
11.Rxe4 Bf5 12.b4 Qc7 13.Re3 Bg4 14.h3 Bh5 15.g4 
Bg6 16.Bxg6 hxg6 17.Bb2 Nf6 18.Kg2 O-O-O 19.c4 Rh7 
20.g5 Nh5 21.c5 Bf4 22.Re4 Rd3 23.Qe2 Qd7 24.Bd4 
Rb3 25.Qc4 Qd5 26.Be3 Bxe3 27.dxe3 Rh8 28.Ne5 Rf8 
29.a4 Rb2 30.Qd4 Rd2 31.Qxd5 Rxd5 32.Rc1 a6 33.a5 
f5 34.Nxg6 fxe4 35.Nxf8 Rxg5+ 36.Kf1 Re5 37.Ke2 
Kd8 38.Rg1 Ke8 39.Nh7 Kf7 40.h4 Nf6 41.Ng5+ Kf8 
42.Rc1 Nd5 43.Rc4 Nf6 44.Kf1 Ke7 45.Kg2 g6 46.Kg3 
Nh5+ 47.Kh3 Nf6 48.Kg2 Kf8 49.Rd4 Ke7 50.Rc4 Kf8 
51.Rd4 Ke7 52.Rc4 Kf8 {(offering draw)} 
 1/2-1/2

[Event "HCL-E1482"]
[Site "www.playchess.de"]
[Date "2006.01.07"]
[Round "4"]
[White "alldrix"]
[Black "badplayer"]
[WhiteElo "1674"]
[BlackElo "1566"]
[PlyCount "80"]
[Result "1/2-1/2"]

1.e4 c5 2.b4 b6 3.Nf3 e6 4.Bb2 Bb7 5.d3 cxb4 
6.Nbd2 a5 7.d4 d6 8.Bd3 Ne7 9.O-O Ng6 10.Re1 Be7 
11.g3 O-O 12.h4 h6 13.h5 Nh8 14.e5 Nd7 15.Nc4 d5 
16.Ne3 Rc8 17.Nh2 Re8 18.f4 Nf8 19.f5 Bg5 20.Qg4 
Bxe3+ 21.Rxe3 Qg5 22.Rae1 Qxg4 23.Nxg4 exf5 
24.Bxf5 Rc7 25.Rf1 Ba6 26.Rf2 Ne6 27.Kh2 Bc4 28.a3 
bxa3 29.Rxa3 Ra7 30.Bd3 Rc8 31.Ne3 Bxd3 32.Rxd3 
Rd7 33.Nf5 Kh7 34.Nd6 Rc6 35.Ba3 Ng5 36.g4 g6 
37.c3 Kg7 38.Rf6 Kg8 39.Ne8 Rc8 40.Nd6 Rc6 
{(offering draw)}  1/2-1/2

[Event "HCL-C3992"]
[Site "www.playchess.de"]
[Date "2006.01.07"]
[Round "2"]
[White "Kelthek"]
[Black "Satellite"]
[WhiteElo "709"]
[BlackElo "1120"]
[PlyCount "90"]
[Result "0-1"]

1.d4 Nf6 {Greetings Brendan!  I look forward to 
our game.}  2.c3 d5 3.f3 {Thank you! Good luck to 
you.}  Nc6 4.Nd2 Bf5 5.e4 dxe4 6.fxe4 Nxe4 7.Qf3 
e6 8.Nxe4 Qd5 9.Bd3 O-O-O 10.Bf4 Bd6 {It's getting 
a tad congested here!!}  11.Nxd6+ {Let's see if we 
can break this up a little!}  cxd6 {I guess that's 
got rid of that little gee gee!!!}  12.Ne2 Bxd3 
13.Qxd3 g5 14.Bg3 Qxg2 15.Rg1 Qd5 16.Rf1 f5 17.c4 
Qa5+ 18.Nc3 Nb4 19.Qe3 Nc2+ 20.Kd2 Nxe3 21.Rfe1 f4 
22.Bf2 Qf5 23.Rec1 Nxc4+ 24.Ke2 Nxb2 25.Na4+ Kb8 
26.Nxb2 Qb5+ 27.Kf3 Qf5 28.Nc4 g4+ 29.Ke2 f3+ 
30.Ke3 Rdc8 31.Nxd6 Qg5+ 32.Kd3 Rxc1 33.Rxc1 Qxc1 
34.Be3 Qf1+ 35.Ke4 f2 36.a4 Qg2+ {All best wishes 
for 2006!}  37.Kd3 {To you as well...Happy New 
Year!}  f1Q+ 38.Kc3 Qxh2 39.Ne4 Qa1+ 40.Kd3 Qhb2 
41.Bd2 Qxa4 42.Nc3 Qac2+ 43.Ke3 Qcxd2+ 44.Ke4 
Qbxc3 45.Ke5 Qg5+ 0-1

[Event "HCL-M856"]
[Site "www.playchess.de"]
[Date "2006.01.07"]
[Round "2"]
[White "fjpv"]
[Black "c4estlavie"]
[WhiteElo "2232"]
[BlackElo "1876"]
[PlyCount "39"]
[Result "1-0"]

1.e4 {Greetings from Portugal. Good luck}  e5 
2.Nf3 d6 3.d4 exd4 4.Nxd4 Nf6 5.Nc3 Be7 6.Bf4 O-O 
7.Qd2 Bd7 8.O-O-O Nc6 9.Kb1 Nxd4 10.Qxd4 Re8 11.f3 
a6 12.g4 Be6 13.h4 b5 14.g5 Nd7 15.Nd5 Bxd5 
16.exd5 Nc5 17.Bh3 Qb8 18.h5 Qb6 19.Bf5 Na4 
20.Qd3 1-0

[Event "HCL-C3968"]
[Site "www.playchess.de"]
[Date "2006.01.07"]
[Round "4"]
[White "Kelthek"]
[Black "perugia"]
[WhiteElo "800"]
[BlackElo "1146"]
[PlyCount "54"]
[Result "0-1"]

1.d4 d5 2.Nc3 Nf6 3.e3 Bf5 4.Bb5+ c6 5.Bd3 Bd7 
6.Qf3 Qb6 7.Nh3 Bg4 8.Qg3 c5 9.Bb5+ Nc6 10.a4 cxd4 
11.exd4 Qxd4 12.O-O a6 13.Be3 Qb4 14.Bd3 d4 15.Bf4 
dxc3 16.b3 Nd4 17.Rfe1 e6 18.Bg5 Bd6 19.Qe3 Nd5 
20.Qe4 Bf5 21.Qh4 f6 22.Be3 Nf3+ 23.Kf1 Nxh4 
24.Nf4 Nxf4 25.g3 Bh3+ 26.Kg1 Nf3+ 27.Kh1 
Bg2+ 0-1